000 00214nam a2200097Ia 4500
005 20251222114347.0
008 251222s1900||||xx |||||||||||||| ||spa||
082 _aDVD0098/P27/1967
245 0 _aEdipo rey
942 _cDVD
999 _c1086
_d1086